| 000 | 01150nmc a2200409 a 4500 | ||
|---|---|---|---|
| 003 | AR-BaBNM | ||
| 005 | 20251128203942.0 | ||
| 008 | 195119s1990 ||||||||||||||000 | spa|| | ||
| 020 | _a84-7046-314-4 | ||
| 040 | _cAR-BaBNM | ||
| 100 | 1 | _aHernando Rica, Agustín | |
| 245 | 1 | 0 |
_aHacia un mundo de ciudades _bel proceso de urbanización |
| 260 |
_aMadrid _bCincel _c1990 |
||
| 300 | 0 |
_a126 p. _bmapas, gráfs., tablas |
|
| 490 | 0 |
_aCuadernos de estudio. Geografía _vv. 12 |
|
| 500 | 0 | _aApéndices: | |
| 500 | 0 | _a1.- Documentos de apoyo | |
| 500 | 0 | _a2.- Ejercicios prácticos | |
| 504 | _aContiene glosario y bibliografía | ||
| 521 | _aSECUNDARIO | ||
| 650 | 4 | _aGEOGRAFIA HUMANA | |
| 650 | 4 | _aGEOGRAFIA ECONOMICA | |
| 650 | 4 | _aGEOGRAFIA HISTORICA | |
| 650 | 4 | _aCIUDADES | |
| 650 | 4 | _aSOCIOLOGIA URBANA | |
| 650 | 4 | _aCAPITALISMO | |
| 650 | 4 | _aMEDIO URBANO | |
| 650 | 4 | _aMEDIO SOCIAL | |
| 650 | 4 | _aZONAS URBANAS | |
| 650 | 4 | _aPLANIFICACION URBANA | |
| 653 | _aGRECIA ANTIGUA | ||
| 653 | _aROMA ANTIGUA | ||
| 653 | _aREVOLUCION INDUSTRIAL | ||
| 800 | 1 |
_aPuyol, Rafael _ecoordinador |
|
| 942 | _cBK | ||
| 998 | _cHector | ||
| 999 |
_c5592 _d5592 |
||